Secret Invasion Characters - Statistics

General Stats
  • This quiz has been taken 23 times
    10 since last reset
  • The average score is 10 of 21
Answer Stats
Hint Answer % Correct
Avenger that a Skrull impersonated James Rhodes
100%
Fury’s second in command who is killed Maria Hill
100%
Broke promise to the Skrulls Nick Fury
100%
Skrull working with ^ Talos
100%
Talos’ daughter Gi’ah
86%
Leader of the Skrull Resistance Gravik
86%
Ex-CIA agent impersonated by a Skrull Everett Ross
57%
Maria Hill’s mother Elizabeth Hill
43%
Talos’ wife Soren
43%
Skrull that Gi’ah welcomed in Beto
29%
Gravik’s second in command Pagon
29%
Agent that ^ met Prescod
29%
Fury’s wife Priscilla Fury
29%
Supplier that helps Fury Rick Mason
29%
President of the USA Ritson
29%
Skrull scientist Rosa Dalton
29%
MI6 agent who interrogated a Skrull Sonya Falsworth
29%
British Prime Minister a Skrull impersonates Pamela Lawton
14%
Name of above Skrull Raava
14%
Navy officer a Skrull impersonates Robert Fairbanks
14%
Above’s Skrull name Varra
14%
No matching quizzes found
Score Distribution
Percent of People with Each Score
Percentile by Number Answered
Your Score History
You have not taken this quiz since the last reset